Alle Teams des Deutschen Profifußballs - Statistiken

Allgemein
  • Dieses Quiz wurde 114 mal gespielt
  • Das Durchschnittsergebnis liegt bei 65 aus 417
Antwortstatistiken
Hilfe Antwort % Korrekt
1 Bayern München
96%
TSV 1860 München
91%
2 Borussia Dortmund
90%
3 Werder Bremen
82%
FC Wacker München
80%
9 1.FC Köln
79%
12 Hertha BSC
79%
SC Freiburg
77%
RedBull Leipzig
76%
10 Bayer 04 Leverkusen
74%
5 Borussia Mönchengladbach
74%
6 Hamburger Sport Verein
74%
4 VFB Stuttgart
73%
1.FSV Mainz 05
72%
7 FC Schalke 04
72%
1.FC Union Berlin
71%
SC Union 06 Berlin
71%
13 VfL Bochum
70%
11 1.FC Kaiserslautern
68%
TSG 1899 Hoffenheim
67%
VfL Wolfsburg
67%
14 1.FC Nürnberg
66%
Dynamo Dresden
66%
FC St.Pauli
65%
Fortuna Düsseldorf
65%
Hannover 96
65%
FC Augsburg
63%
Rot-Weiss Essen
63%
Türkiyemspor Berlin ⁠
63%
Stuttgarter Kickers
62%
Rot-Weiss Frankfurt
61%
SpVgg Greuther Fürth
61%
Arminia Bielefeld
57%
Hansa Rostock
57%
1.FC Heidenheim
56%
Alemannia Aachen
56%
Karlsruher SC
56%
SV Waldhof Mannheim
56%
BSC Kickers 1900
55%
Eintracht Bad Kreuznach
55%
FC Ingolstadt 04
55%
HSC Hannover
55%
VfR Kaiserslautern
55%
8 Eintracht Frankfurt
54%
Fortuna Köln
52%
Holstein Kiel
52%
MSV Duisburg
52%
SV Darmstadt 98
51%
1.FC Saarbrücken
49%
Kickers Offenbach
49%
Rot-Weiß Erfurt
49%
SC Viktoria 04 Köln
49%
1.FC Magdeburg
48%
Carl Zeiss Jena
48%
Energie Cottbus
48%
Freie Turnerschaft Braunschweig
46%
KFC Uerdingen 05
46%
SC Paderborn 07
46%
Tennis Borussia Berlin
46%
Preußen Münster
45%
Jahn Regensburg
44%
TSG Ulm 1846
44%
VfL Osnabrück
44%
Würzburger Kickers
44%
Duisburger SpV
43%
SC Tasmania 1900 Berlin
43%
SV Wehen Wiesbaden
43%
FSV Frankfurt
40%
SV Sandhausen
40%
Rot-Weiß Oberhausen
39%
Erzgebirge Aue
38%
1.FC Lokomotive Leipzig
37%
VfB Lübeck
37%
SG Wattenscheid 09
35%
VfB Leipzig
35%
Eintracht Braunschweig
34%
FC 08 Homburg
34%
SV Meppen
34%
TSV Vestenbergsgreuth
34%
SpVgg Bayreuth
33%
VfL Halle 1896
30%
Wuppertaler SV
30%
SpVgg Blau-Weiß 90 Berlin
29%
TuS Koblenz
29%
VfL 93 Hamburg
29%
Eintracht Trier
28%
KSV Hessen Kassel
28%
VfB Oldenburg
28%
Borussia Neunkirchen
27%
BSG Chemie Leipzig
27%
Schwarz-Weiß Essen
27%
SSV Ulm 1846
27%
Borussia Dortmund II
26%
Chemnitzer FC
26%
Rot Weiss Ahlen
24%
VfR Aalen
24%
FC Viktoria 1889 Berlin
23%
Wacker Burghausen
23%
Bayern München II
22%
SC Verl
22%
Wormatia Worms
22%
Bonner SC
21%
VfL Oldenburg
21%
FSV Zwickau
20%
SC Freiburg II
18%
SC Weiche Flensburg 08
18%
Sportfreunde 05 Saarbrücken
18%
Sportfreunde Ricklingen
18%
VfB Stuttgart II
18%
FC Gießen
17%
Hammer SpVg
17%
Kickers Emden
17%
OSC Solingen
16%
Werder Bremen II
16%
Westfalia Herne
16%
1.FC Schweinfurt 05
15%
BSV Brandenburg
15%
FK Pirmasens
15%
Hallescher FC
15%
Hertha BSC II
15%
SV Babelsberg 03
15%
TSV Havelse
15%
Türkgücü München
15%
1. FC Eintracht Bamberg
13%
Bremer SV
13%
SSV Hagen
13%
SSV Reutlingen 05
13%
STV Horst-Emscher
13%
TSV Schott Mainz
13%
1. FC Düren
12%
Berliner AK 07
12%
BFC Dynamo
12%
Eintracht Frankfurt II
12%
FC Gütersloh
12%
FC Schalke o4 II
12%
SG Barockstadt Fulda-Lehnerz
12%
SG Sonnenhof Großaspach
12%
Sportfreunde Siegen
12%
SVA Gütersloh
12%
SV Phönix Ludwigshafen
12%
1.FC Kaiserslautern II
11%
BSV Stahl Brandenburg
11%
FC Bayern Hof
11%
VfL Bochum II
11%
Viktoria Aschaffenburg
11%
1.FSV Mainz 05 II
10%
Bayer 04 Leverkusen II
10%
BFC Preussen
10%
Borussia Mönchengladbach II
10%
FC Bremerhaven
10%
FC Rot-Weiß Koblenz
10%
Greifswalder FC
10%
Hannover 96 II
10%
KSV Baunatal
10%
SV Bergisch Gladbach 09
10%
VfR Mannheim
10%
1.FC Köln II
9%
1. FC Union Berlin II
9%
Atlas Delmenhorst
9%
Blau-Weiß Lohne
9%
FC Augsburg II
9%
FC Remscheid
9%
Fortuna Düsseldorf II
9%
Freiburger FC
9%
Hansa Rostock II
9%
RB Leipzig II
9%
Rot-Weiß Lüdenscheid
9%
SG Union Solingen
9%
SV Drochtersen/Assel
9%
SV Rödinghausen
9%
Torgelower SV Greif
9%
TSV 1860 München II
9%
TSV Steinbach Haiger
9%
TuRa Ludwigshafen
9%
VfL Wolfsburg II
9%
VfR Pforzheim
9%
1.FC Bocholt
7%
Altona 93
7%
Eintracht Braunschweig II
7%
FC St.Pauli II
7%
FC Teutonia 05 Ottensen
7%
Karlsruher SC II
7%
Teutonia Watzenborn-Steinberg
7%
TSG 1899 Hoffenheim II
7%
TSV 1860 Rosenheim
7%
1. FC Kaan-Marienborn
6%
1. FC Mülheim
6%
Arminia Hannover
6%
FC Astoria Walldorf
6%
Hertha 03 Zehlendorf
6%
KSV Baunatal
6%
MSV Duisburg II
6%
Röchling Völklingen
6%
SGV Freiberg Fußball
6%
SpVgg Unterhachingen
6%
SV Lippstadt 08
6%
SVN Zweibrücken
6%
SV Straelen
6%
VfB Germania Halberstadt
6%
1. FC Pforzheim
5%
Arminia Bielefeld II
5%
Eintracht Norderstedt
5%
Energie Cottbus II
5%
FC Hanau 93
5%
FC Oberneuland
5%
FC Sachsen Leipzig
5%
FC Wegberg-Beeck
5%
Germania Metternich
5%
Germania Teveren
5%
Germania Wiesbaden
5%
Holstein Kiel II
5%
Lüneburger SK Hansa
5%
SC Wiedenbrück
5%
SSV Mülheim
5%
SV Heimstetten
5%
SV Lichtenberg 47
5%
TSC Zweibrücken
5%
TSG Balingen
5%
TSV Schwaben Augsburg
5%
VFC Plauen
5%
VSG Altglienicke
5%
ZFC Meuselwitz
5%
Bahlinger SC
4%
DJK Vilzing
4%
DSC Wanne-Eickel
4%
FC 08 Villingen
4%
FC Nöttingen
4%
FC Pipinsried
4%
FSV 63 Luckenwalde
4%
FSV Salmrohr
4%
FSV Union Fürstenwalde
4%
FSV Wacker 90 Nordhausen
4%
FV Illertissen
4%
Lok Altmark Stendal
4%
Lupo Martini Wolfsburg
4%
MTV Ingolstadt
4%
Spandauer SV
4%
TSV Aubstadt
4%
TSV Buchbach
4%
TSV Eintracht Stadtallendorf
4%
TuS Celle FC
4%
TuS Erndtebrück
4%
VfB Homberg
4%
VfL Kirchheim/Teck
4%
VfR Garching
4%
VfV 06 Hildesheim
4%
VfV Hildesheim
4%
1.FC Phönix Lübeck
2%
1. Göppinger SV
2%
1. SC Feucht
2%
1. SC Göttingen 05
2%
Bischofswerdaer FV 08
2%
Borussia Fulda
2%
BSV Rehden
2%
Dresdner SC
2%
FC Amberg
2%
FC Eilenburg
2%
FC Ingolstadt 04 II
2%
FC Kray
2%
FC Oberlausitz Neugersdorf
2%
FSV Budissa Bautzen
2%
FSV Frankfurt II
2%
FSV Optik Rathenow
2%
Heider SV
2%
Homberger SV
2%
Reinickendorfer Füchse
2%
Rot-Weiß Lüdenscheid
2%
SC Hessen Dreieich
2%
SC Opel Rüsselsheim
2%
SG Quelle Fürth
2%
SpVgg Ansbach 09
2%
SpVgg Hankofen-Hailing
2%
SpVgg Unterhaching II
2%
SpVgg Weiden
2%
SV Schalding-Heining
2%
TSG Backnang 1919
2%
TSG Neustrelitz
2%
TSV 1896 Rain
2%
VfB Auerbach
2%
VfR Neumünster
2%
1. FC Eschborn
1%
1. FC Germania Egestorf/Langreder
1%
1. FC Kleve
1%
BV Cloppenburg
1%
Eintracht Bad Kreuznach
1%
Eintracht Gelsenkirchen
1%
Eisenhüttenstädter FC Stahl
1%
ESV Ingolstadt
1%
FC Bayern Alzenau
1%
FC Hennef 05
1%
FC Ismaning
1%
FC Memmingen
1%
FC Schönberg 95
1%
Lüner SV
1%
Polizei SV Bremen
1%
SC Concordia Hamburg
1%
SC Eltersdorf
1%
SC Pfullendorf
1%
SC Staaken
1%
SC Weismain
1%
SD Croatia Berlin
1%
SG Wattenscheid 09 II
1%
SpVgg 07 Ludwigsburg
1%
SpVgg Neckarelz
1%
SV Alsenborn
1%
SV Spielberg
1%
SV Wehen Wiesbaden II
1%
SV Wiesbaden
1%
SV Wilhelmshaven
1%
Tennis Borussia Berlin II
1%
TSG Sprockhövel
1%
TuS Haltern
1%
TuS Schloß Neuhaus
1%
TV Herkenrath
1%
VfB Bottrop
1%
VfB Eichstätt
1%
VfB Hüls
1%
VfL Pinneberg
1%
VfR Bürstadt
1%
VfR Frankenthal
1%
VfR Heilbronn
1%
VfR Neuss
1%
1.FC Neukölln
0%
1. SC Norderstedt
0%
ASV Bergedorf 85
0%
ASV Landau
0%
BBC Südost
0%
Berliner SV 1892
0%
BFC Alemannia 90
0%
BFC Meteor 06
0%
BFC Südring
0%
Bremerhaven 93
0%
BSC Oppau
0%
BSV Schwenningen
0%
DJK Gütersloh
0%
Eintracht Duisburg
0%
Eintracht Nordhorn
0%
Eisbachtaler Sportfreunde
0%
ESV Ingolstadt-Ringsee
0%
Eutin 08
0%
FC Eintracht Bamberg
0%
FC Emmendingen
0%
FC Ensdorf
0%
FC Unterföhring
0%
FSV Oggersheim
0%
FSV Velten 90
0%
FV Speyer
0%
FV Wannsee
0%
FV Würzburg 04
0%
Goslarer SC 08
0%
Hamborn 07
0%
HSV Barmbek-Uhlenhorst
0%
Itzehoer SV
0%
Leu Braunschweig
0%
Lichterfelde SU
0%
Ludwigshafener SC
0%
Neuköllner Sportfreunde
0%
OSC Bremerhaven
0%
OSV Hannover
0%
Phönix Bellheim
0%
Rapide Wedding
0%
Rasensport Harburg
0%
Rot-Weiß Neukölln
0%
SC 07 Idar-Oberstein
0%
SCB Preußen Köln
0%
SC Charlottenburg
0%
SC Friedrichsthal
0%
SC Gatow
0%
SC Hauenstein
0%
SC Herford
0%
SC Neukirchen
0%
SC Sperber Hamburg
0%
SC Tegel
0%
SC Victoria Hamburg
0%
SC Westend 1901
0%
SG Egelsbach
0%
Spvgg. 03 Neu-Isenburg
0%
SpVgg Amicitia Viernheim
0%
Spvgg Andernach
0%
SpVgg Erkenschwick
0%
SpVgg Herten
0%
SSVg Velbert
0%
Südwest Ludwigshafen
0%
SV Edenkoben
0%
SV Eichede
0%
SV Friedrichsort
0%
SV Lohhof
0%
SV Lurup
0%
SV Niederlahnstein
0%
SV Saar 05 Saarbrücken
0%
SV Seligenporten
0%
SV Weisenau
0%
Teutonia Landsweiler-Reden
0%
TSF Ditzingen
0%
TSR Olympia Wilhelmshaven
0%
TSV Großbardorf
0%
TSV Marl-Hüls
0%
TSV Schilksee
0%
TuS Duisburg 48/99
0%
TuS Haste 01
0%
TuS Hoisdorf
0%
VfB Eppingen
0%
VfB Hermsdorf
0%
VfB Theley
0%
VfB Wissen
0%
VfL Frohnlach
0%
VfL Herzlake ⁠
0%
VfL Klafeld-Geisweid 08
0%
VfL Neckarau
0%
VfL Nord Berlin
0%
Wacker 04 Berlin
0%
Westfalia Rhynern
0%
Keine übereinstimmenden Quizze gefunden
Verteilung der Resultate
Anzahl Personen mit jedem Resultat
Perzentil nach korrekt beantworteten Fragen
Ihre Resultats-Entwicklung
Sie haben dieses Quiz noch nicht gespielt